000 00440cam a2200181ua 4500
020 _c1.00
041 _amal
_h
082 _a894.812301
_bMAD/GU
100 _aMadia, Chunilal K .
245 _aGujarathi kathakal /
_cChunilal K Madia.
_hTextual Documents
250 _a1 /
_b.
260 _aMadras :
_bsarika publications ,
_c1960.
300 _a88 ; .
365 _a1.00
504 _a
942 _cBK
999 _c12605
_d12605